000
00193 a2200097 4500
001
9047
100
_a
Bullard, A M
245
_a
Speech at work.
260
_a
_b
Oxford
_c
090
_c
7229
_d
7229
942
_a
NUST-CAE
_c
M
_c
33855
999
_c
244120
_d
244120